000
00324nam a22001457a 4500
008
230124b ||||| |||| 00| 0 eng d
020
_a
9780312543075
041
_a
eng
080
_2
FIFTH EDITION
_a
339
082
_a
339KIR
100
_a
23
101
_a
EDU
245
_a
WITH READINGS
_c
KIRSZNER G L
942
_2
udc
_c
BK
999
_c
59263
_d
59263